Fr. Conceicao Rodrigues College of Engineering

Basic principles of finite element method (Record no. 24619)

MARC details
000 -LEADER
fixed length control field 00391nam a2200169Ia 4500
082 ## - DEWEY DECIMAL CLASSIFICATION NUMBER
Classification number 620.001515/ENT
Item number ENT
100 ## - MAIN ENTRY--PERSONAL NAME
Personal name Entwistle/K.M
245 ## - TITLE STATEMENT
Title Basic principles of finite element method
260 ## - PUBLICATION, DISTRIBUTION, ETC.
Name of publisher, distributor, etc. Woodhead pub
Date of publication, distribution, etc. 2001
366 ## - TRADE AVAILABILITY INFORMATION
Publishers's discount category 20
300 ## - PHYSICAL DESCRIPTION
Extent 183
546 ## - LANGUAGE NOTE
Language note ENGLISH
650 ## - SUBJECT ADDED ENTRY--TOPICAL TERM
Topical term or geographic name entry element Finite element method
654 ## - SUBJECT ADDED ENTRY--FACETED TOPICAL TERMS
Focus term finite element method
942 ## - ADDED ENTRY ELEMENTS (KOHA)
Koha item type BOOK
Holdings
Withdrawn status Lost status Damaged status Not for loan Collection Home library Current library Date acquired Source of acquisition Cost, normal purchase price Inventory number Total Checkouts Full call number Barcode Date last seen Cost, replacement price Price effective from Koha item type
        CRC Fr. Agnel's C.Rodrigues College of Engineering Fr. Agnel's C.Rodrigues College of Engineering 17/03/2023 Ane Books India 556.00 354   620.001515/ENT ENT 18657 17/03/2023 695.00   BOOK